| 000 | 00425nam a22001697a 4500 | ||
|---|---|---|---|
| 005 | 20180411125425.0 | ||
| 008 | 160430b xxu||||| |||| 00| 0 eng d | ||
| 020 | _a81-7188348-6 | ||
| 041 | _aeng | ||
| 082 |
_b1000 _a338.954 |
||
| 100 |
_adebroy Bibek _94261 |
||
| 245 | _aIndia: Redeeming the Economic pladge | ||
| 260 |
_aNew Delhi _bAcademic Faundation _c2004 |
||
| 300 | _a207 | ||
| 650 |
_aManagement _9241 |
||
| 942 | _cBK | ||
| 999 |
_c356 _d356 |
||